000 00293nam a22001217a 4500
008 181001b xxu||||| |||| 00| 0 eng d
041 _aeng
080 _a370
100 _a48
101 _aedu
245 _aContent And Structure Readings For College Writers
_cWillis.H
942 _2udc
_cBK
999 _c48704
_d48704